000 00503nam a22002057a 4500
003 Nust
005 20211020155953.0
008 170116b xxu||||| |||| 00| 0 eng d
020 _a8172245319
038 _akhadija
040 _c.
082 _a621.3192
_bHAY
100 _a Hayt, William H
_99060
245 _aElectronic Circuit Analysis and Design /
_cWilliam H. Hayt
260 _aNew Dehli:
_bJaico;
_c2003.
300 _a460p. ;
500 _apaperback.
563 _aPB
942 _cBK
_2ddc
999 _c32320
_d32320